The Experimental Foundations of Particle Physics (Record no. 7544)

MARC details
000 -LEADER
fixed length control field 00735pam a2200241 a 4500
001 - CONTROL NUMBER
control field 2423747
003 - CONTROL NUMBER IDENTIFIER
control field OSt
005 - DATE AND TIME OF LATEST TRANSACTION
control field 20240426151856.0
008 - FIXED-LENGTH DATA ELEMENTS--GENERAL INFORMATION
fixed length control field 871209s1989 enka b 001 0 eng
010 ## - LIBRARY OF CONGRESS CONTROL NUMBER
LC control number 87036751
020 ## - INTERNATIONAL STANDARD BOOK NUMBER
International Standard Book Number 0521332559
040 ## - CATALOGING SOURCE
Original cataloging agency DLC
Transcribing agency DLC
Modifying agency DLC
050 00 - LIBRARY OF CONGRESS CALL NUMBER
Classification number QC793.2
Item number .C34 1989
082 00 - DEWEY DECIMAL CLASSIFICATION NUMBER
Classification number 539 CAH 1989
Edition number 19
100 1# - MAIN ENTRY--PERSONAL NAME
Personal name Cahn, Robert N.; Goldhaber, Gerson
9 (RLIN) 15444
245 14 - TITLE STATEMENT
Title The Experimental Foundations of Particle Physics
260 ## - PUBLICATION, DISTRIBUTION, ETC. (IMPRINT)
Place of publication, distribution, etc. Cambridge ;
Name of publisher, distributor, etc. Cambridge University Press,
Date of publication, distribution, etc. 1989.
300 ## - PHYSICAL DESCRIPTION
Extent x, 428 p. :
Other physical details ill. ;
Dimensions 27 cm.
504 ## - BIBLIOGRAPHY, ETC. NOTE
Bibliography, etc Includes bibliograhical references.
650 #0 - SUBJECT ADDED ENTRY--TOPICAL TERM
Topical term or geographic name as entry element Pyhsics Particles
9 (RLIN) 3587
906 ## - LOCAL DATA ELEMENT F, LDF (RLIN)
a 7
b cbc
c orignew
d 1
e ocip
f 19
g y-gencatlg
942 ## - ADDED ENTRY ELEMENTS (KOHA)
Source of classification or shelving scheme Dewey Decimal Classification
Koha item type Open Shelf
Holdings
Withdrawn status Lost status Source of classification or shelving scheme Damaged status Not for loan Home library Current library Date acquired Source of acquisition Inventory number Total Checkouts Full call number Barcode Date last seen Price effective from Koha item type
    Dewey Decimal Classification     MUST Main Library MUST Main Library 26/11/2021 Purchase 99/13187   539CAH 1989 2021-1922 26/11/2021 26/11/2021 Open Shelf